Crowdfunding ako alternatívny zdroj financií bakalárska práca

Gespeichert in:
Bibliographische Detailangaben
1. Verfasser: Holeček, Richard
Körperschaft: Fakulta podnikového manažmentu EU. Katedra podnikových financií
Weitere Verfasser: Jánošová, Veronika, 1953-
Format: Buch
Sprache:Slowakisch
Veröffentlicht: Bratislava 2017
Tags: Tag hinzufügen
Keine Tags, Fügen Sie das erste Tag hinzu!

MARC

LEADER 00000nbm a2200000 4500
001 0232286
005 20171009144546.2
041 0 |a slo 
044 |a SK 
245 1 0 |a Crowdfunding ako alternatívny zdroj financií  |b bakalárska práca  |c Richard Holeček ; školiteľ: Veronika Jánošová 
264 1 |a Bratislava  |c 2017 
300 |a 57 s. 
100 1 |a Holeček, Richard 
700 1 |a Jánošová, Veronika, 1953- 
710 2 |a Fakulta podnikového manažmentu EU. Katedra podnikových financií